[Event "EUCC 2023 - U14"]
[Site "Kouty nad Desnou"]
[Date "2023.08.19"]
[Round "4.1"]
[White "Jasso, Matej"]
[Black "Auribault, Louis"]
[Result "0-1"]
[BlackElo "2084"]
[WhiteElo "2143"]
[LiveChessVersion "1.4.8"]

1. e4 {[%clk 1:30:55]} e5 {[%clk 1:30:56]} 2. Nf3 {[%clk 1:31:19]} Nc6
{[%clk 1:31:23]} 3. Bb5 {[%clk 1:31:43]} a6 {[%clk 1:31:44]} 4. Ba4
{[%clk 1:32:03]} Nf6 {[%clk 1:32:09]} 5. O-O {[%clk 1:32:28]} b5 {[%clk 1:31:51]}
6. Bb3 {[%clk 1:32:50]} Bc5 {[%clk 1:32:11]} 7. a4 {[%clk 1:33:11]} Bb7
{[%clk 1:31:21]} 8. d3 {[%clk 1:33:06]} d6 {[%clk 1:30:41]} 9. Bg5
{[%clk 1:32:21]} h6 {[%clk 1:26:44]} 10. Bh4 {[%clk 1:31:30]} O-O
{[%clk 1:20:24]} 11. Nc3 {[%clk 1:31:37]} Nd4 {[%clk 1:20:30]} 12. Nxd4
{[%clk 1:28:08]} Bxd4 {[%clk 1:20:37]} 13. Nd5 {[%clk 1:26:40]} g5
{[%clk 1:17:36]} 14. Nxf6+ {[%clk 1:19:55]} Qxf6 {[%clk 1:16:37]} 15. c3
{[%clk 1:20:07]} Bb6 {[%clk 1:10:12]} 16. Bg3 {[%clk 1:18:11]} Rad8
{[%clk 1:08:07]} 17. Qh5 {[%clk 1:04:34]} Kg7 {[%clk 1:03:43]} 18. Kh1
{[%clk 1:01:16]} Qg6 {[%clk 1:01:26]} 19. Qxg6+ {[%clk 1:00:44]} Kxg6
{[%clk 0:58:33]} 20. f3 {[%clk 1:00:06]} f6 {[%clk 0:47:54]} 21. Bf2
{[%clk 0:56:48]} c5 {[%clk 0:39:34]} 22. Bc2 {[%clk 0:51:34]} Kg7
{[%clk 0:38:23]} 23. b4 {[%clk 0:45:00]} Rc8 {[%clk 0:37:16]} 24. Rfb1
{[%clk 0:42:14]} Rc6 {[%clk 0:24:38]} 25. bxc5 {[%clk 0:14:23]} Bxc5
{[%clk 0:24:13]} 26. Be1 {[%clk 0:14:39]} Rb6 {[%clk 0:14:00]} 27. a5
{[%clk 0:05:27]} Rc6 {[%clk 0:14:03]} 28. c4 {[%clk 0:04:50]} Bd4
{[%clk 0:13:52]} 29. Ra2 {[%clk 0:03:58]} Rfc8 {[%clk 0:14:00]} 30. Bb3
{[%clk 0:01:06]} Ba8 {[%clk 0:09:59]} 31. Bd2 {[%clk 0:01:13]} Rb8
{[%clk 0:10:13]} 32. Ba4 {[%clk 0:00:41]} Rc5 {[%clk 0:10:12]} 33. Rc2
{[%clk 0:00:37]} Bc6 {[%clk 0:09:16]} 34. Bc3 {[%clk 0:00:35]} Bxc3
{[%clk 0:09:18]} 35. Rxc3 {[%clk 0:01:33]} b4 {[%clk 0:10:08]} 36. Bd1
{[%clk 0:01:21]} Rxa5 {[%clk 0:10:33]} 37. Rcb3 {[%clk 0:00:34]} Ba4
{[%clk 0:10:48]} 38. R3b2 {[%clk 0:01:01]} Bxd1 {[%clk 0:11:11]} 39. Rxd1
{[%clk 0:01:26]} b3 {[%clk 0:11:32]} 40. d4 {[%clk 0:00:35]} Ra2 {[%clk 0:11:46]}
41. Rbb1 {[%clk 0:00:52]} exd4 {[%clk 0:11:53]} 42. Rxd4 {[%clk 0:01:09]} b2
{[%clk 0:11:24]} 43. Rxd6 {[%clk 0:00:31]} Ra1 {[%clk 0:11:50]} 44. Rd7+
{[%clk 0:00:35]} Kg6 {[%clk 0:12:14]} 45. Rdd1 {[%clk 0:00:57]} Rxb1
{[%clk 0:12:40]} 46. Rxb1 {[%clk 0:01:22]} a5 {[%clk 0:13:03]} 0-1

[Event "EUCC 2023 - U14"]
[Site "Kouty nad Desnou"]
[Date "2023.08.19"]
[Round "4.2"]
[White "Csernyik, Mark"]
[Black "Ser, Daniel"]
[Result "0-1"]
[BlackElo "1850"]
[WhiteElo "1976"]
[LiveChessVersion "1.4.8"]

1. e4 {[%clk 1:30:54]} c6 {[%clk 1:30:54]} 2. Nc3 {[%clk 1:31:20]} d5
{[%clk 1:30:41]} 3. Nf3 {[%clk 1:31:44]} dxe4 {[%clk 1:31:06]} 4. Nxe4
{[%clk 1:32:05]} Nf6 {[%clk 1:31:24]} 5. Qe2 {[%clk 1:31:48]} Nxe4
{[%clk 1:31:47]} 6. Qxe4 {[%clk 1:32:13]} Nd7 {[%clk 1:32:10]} 7. Bc4
{[%clk 1:32:13]} Nf6 {[%clk 1:31:31]} 8. Ne5 {[%clk 1:31:40]} e6 {[%clk 1:31:03]}
9. Qe2 {[%clk 1:29:03]} b5 {[%clk 1:26:52]} 10. Bb3 {[%clk 1:23:01]} Qc7
{[%clk 1:26:17]} 11. O-O {[%clk 1:21:32]} Bd6 {[%clk 1:25:13]} 12. d4
{[%clk 1:20:57]} O-O {[%clk 1:24:53]} 13. c3 {[%clk 1:17:18]} a5 {[%clk 1:23:27]}
14. Bc2 {[%clk 1:12:44]} c5 {[%clk 0:59:06]} 15. Bf4 {[%clk 1:00:17]} b4
{[%clk 0:52:37]} 16. dxc5 {[%clk 0:50:09]} Qxc5 {[%clk 0:51:45]} 17. cxb4
{[%clk 0:49:29]} Qxb4 {[%clk 0:33:06]} 18. Bg3 {[%clk 0:39:26]} Ba6
{[%clk 0:31:51]} 19. Bd3 {[%clk 0:39:24]} Bxd3 {[%clk 0:18:57]} 20. Qxd3
{[%clk 0:35:09]} Bc5 {[%clk 0:18:27]} 21. Rac1 {[%clk 0:34:28]} Rac8
{[%clk 0:16:42]} 22. b3 {[%clk 0:31:41]} Rfd8 {[%clk 0:12:48]} 23. Qxd8+
{[%clk 0:28:55]} Rxd8 {[%clk 0:12:33]} 24. Nc6 {[%clk 0:29:18]} Qb6
{[%clk 0:09:41]} 25. Nxd8 {[%clk 0:29:07]} Nd5 {[%clk 0:09:08]} 26. Nb7
{[%clk 0:29:02]} Bxf2+ {[%clk 0:08:22]} 27. Rxf2 {[%clk 0:23:05]} Qxb7
{[%clk 0:08:49]} 28. Rcf1 {[%clk 0:21:58]} f5 {[%clk 0:06:53]} 29. Rc1
{[%clk 0:19:15]} g5 {[%clk 0:05:20]} 30. Rfc2 {[%clk 0:18:37]} f4
{[%clk 0:05:25]} 31. Bf2 {[%clk 0:18:58]} Kf7 {[%clk 0:05:13]} 32. Rc5
{[%clk 0:18:03]} Qb4 {[%clk 0:04:07]} 33. R5c2 {[%clk 0:13:44]} Qe4
{[%clk 0:03:51]} 34. Rc4 {[%clk 0:13:16]} Qe2 {[%clk 0:03:19]} 35. Re1
{[%clk 0:12:37]} Qxa2 {[%clk 0:03:00]} 36. Ra4 {[%clk 0:12:47]} Qd2
{[%clk 0:02:31]} 37. Rd4 {[%clk 0:11:00]} Qc2 {[%clk 0:02:41]} 38. Ra4
{[%clk 0:10:36]} f3 {[%clk 0:02:42]} 39. gxf3 {[%clk 0:07:26]} Nf4
{[%clk 0:02:55]} 40. Rae4 {[%clk 0:06:23]} Nh3+ {[%clk 0:03:08]} 41. Kg2
{[%clk 0:06:51]} Qxf2+ {[%clk 0:03:29]} 0-1

[Event "EUCC 2023 - U14"]
[Site "Kouty nad Desnou"]
[Date "2023.08.19"]
[Round "4.3"]
[White "Novomeska, Karin"]
[Black "Haapsal, Maria Ioanna"]
[Result "1-0"]
[BlackElo "1508"]
[WhiteElo "1842"]
[LiveChessVersion "1.4.8"]

1. d4 {[%clk 1:30:58]} Nf6 {[%clk 1:30:50]} 2. c4 {[%clk 1:31:21]} e6
{[%clk 1:31:14]} 3. Nc3 {[%clk 1:31:22]} d5 {[%clk 1:31:09]} 4. Nf3
{[%clk 1:31:42]} Be7 {[%clk 1:31:27]} 5. g3 {[%clk 1:31:24]} O-O {[%clk 1:31:39]}
6. Bg2 {[%clk 1:31:47]} b6 {[%clk 1:31:47]} 7. O-O {[%clk 1:31:49]} Bb7
{[%clk 1:32:09]} 8. b3 {[%clk 1:12:05]} Nbd7 {[%clk 1:29:27]} 9. Bb2
{[%clk 1:11:17]} c5 {[%clk 1:27:05]} 10. Rc1 {[%clk 1:07:23]} Rc8
{[%clk 1:24:35]} 11. Ne5 {[%clk 1:02:04]} cxd4 {[%clk 1:21:49]} 12. Nxd7
{[%clk 1:01:26]} dxc3 {[%clk 1:10:43]} 13. Nxf6+ {[%clk 1:01:40]} Bxf6
{[%clk 1:10:59]} 14. Bxc3 {[%clk 1:01:38]} Bxc3 {[%clk 1:10:49]} 15. Rxc3
{[%clk 1:02:05]} Ba6 {[%clk 1:08:35]} 16. Qc2 {[%clk 0:55:09]} dxc4
{[%clk 0:58:03]} 17. bxc4 {[%clk 0:55:12]} Rc5 {[%clk 0:54:55]} 18. Be4
{[%clk 0:49:55]} h6 {[%clk 0:53:33]} 19. Bh7+ {[%clk 0:44:19]} Kh8
{[%clk 0:53:54]} 20. Bd3 {[%clk 0:44:43]} Qc7 {[%clk 0:51:50]} 21. Qa4
{[%clk 0:31:52]} b5 {[%clk 0:33:36]} 22. Qa3 {[%clk 0:27:11]} Rc8
{[%clk 0:18:23]} 23. Rfc1 {[%clk 0:24:24]} Qc6 {[%clk 0:17:02]} 24. Bb1
{[%clk 0:06:45]} Rxc4 {[%clk 0:13:26]} 25. Rxc4 {[%clk 0:06:40]} bxc4
{[%clk 0:13:55]} 26. Rd1 {[%clk 0:03:16]} c3 {[%clk 0:05:52]} 27. Bc2
{[%clk 0:01:17]} Bxe2 {[%clk 0:05:15]} 28. Rd6 {[%clk 0:01:35]} Qc7
{[%clk 0:05:24]} 29. Qb4 {[%clk 0:00:48]} Qc4 {[%clk 0:00:59]} 30. Qa5
{[%clk 0:00:59]} Bd3 {[%clk 0:00:44]} 31. Rd8+ {[%clk 0:01:04]} Kh7
{[%clk 0:00:46]} 32. Bxd3+ {[%clk 0:01:23]} Qxd3 {[%clk 0:00:46]} 33. Rxd3
{[%clk 0:01:51]} c2 {[%clk 0:01:04]} 34. Rc3 {[%clk 0:02:20]} c1=Q+
{[%clk 0:00:48]} 35. Rxc1 {[%clk 0:02:47]} Rxc1+ {[%clk 0:01:17]} 36. Kg2
{[%clk 0:03:07]} Rc6 {[%clk 0:01:11]} 37. Qxa7 {[%clk 0:03:09]} Kg6
{[%clk 0:01:29]} 38. Qe3 {[%clk 0:03:28]} Rc8 {[%clk 0:00:56]} 39. a4
{[%clk 0:03:52]} Re8 {[%clk 0:01:16]} 40. a5 {[%clk 0:04:10]} f5 {[%clk 0:01:41]}
41. a6 {[%clk 0:04:32]} e5 {[%clk 0:02:05]} 42. a7 {[%clk 0:04:47]} e4
{[%clk 0:02:23]} 43. Qb6+ {[%clk 0:05:02]} Kh5 {[%clk 0:02:41]} 44. Qc6
{[%clk 0:05:12]} 1-0

[Event "EUCC 2023 - U14"]
[Site "Kouty nad Desnou"]
[Date "2023.08.19"]
[Round "4.4"]
[White "Srba, Daniel"]
[Black "Valean, David-Andrei"]
[Result "1-0"]
[BlackElo "1648"]
[WhiteElo "1571"]
[LiveChessVersion "1.4.8"]

1. e4 {[%clk 1:30:59]} e5 {[%clk 1:30:52]} 2. Nf3 {[%clk 1:31:24]} Nc6
{[%clk 1:31:14]} 3. Bc4 {[%clk 1:31:48]} Bc5 {[%clk 1:31:38]} 4. b4
{[%clk 1:32:15]} Bxb4 {[%clk 1:31:59]} 5. c3 {[%clk 1:32:43]} Be7
{[%clk 1:32:10]} 6. d4 {[%clk 1:33:08]} exd4 {[%clk 1:31:37]} 7. Qb3
{[%clk 1:33:35]} Na5 {[%clk 1:15:13]} 8. Bxf7+ {[%clk 1:33:18]} Kf8
{[%clk 1:15:37]} 9. Qa4 {[%clk 1:33:42]} Kxf7 {[%clk 1:01:32]} 10. Qxa5
{[%clk 1:34:02]} c5 {[%clk 1:01:33]} 11. Qb5 {[%clk 1:20:55]} d5 {[%clk 0:52:02]}
12. cxd4 {[%clk 1:16:38]} dxe4 {[%clk 0:29:59]} 13. Ne5+ {[%clk 1:13:34]} Kf8
{[%clk 0:29:41]} 14. Qc4 {[%clk 1:13:21]} Qe8 {[%clk 0:29:59]} 15. Nc3
{[%clk 1:01:20]} cxd4 {[%clk 0:23:33]} 16. Nb5 {[%clk 0:59:29]} Qh5
{[%clk 0:17:52]} 17. Qxd4 {[%clk 0:57:09]} Bf5 {[%clk 0:15:23]} 18. h3
{[%clk 0:42:41]} Rd8 {[%clk 0:13:33]} 19. Qa4 {[%clk 0:40:30]} a6
{[%clk 0:00:44]} 20. Nc7 {[%clk 0:34:32]} b5 {[%clk 0:00:34]} 21. Qc2
{[%clk 0:34:51]} e3 {[%clk 0:00:33]} 22. Bxe3 {[%clk 0:34:49]} Bxc2
{[%clk 0:00:54]} 23. Ne6+ {[%clk 0:35:12]} Ke8 {[%clk 0:01:16]} 24. Nxg7+
{[%clk 0:35:37]} Kf8 {[%clk 0:01:33]} 25. Nxh5 {[%clk 0:35:57]} Bb4+
{[%clk 0:01:17]} 26. Ke2 {[%clk 0:35:46]} Rd5 {[%clk 0:00:34]} 27. Nc6
{[%clk 0:33:11]} Bd3+ {[%clk 0:00:37]} 28. Kf3 {[%clk 0:32:33]} Bc3
{[%clk 0:00:35]} 29. Nf4 {[%clk 0:27:17]} Bxa1 {[%clk 0:00:33]} 30. Nxd5
{[%clk 0:27:29]} Bc4 {[%clk 0:00:43]} 31. Nb6 {[%clk 0:26:39]} Bg7
{[%clk 0:00:36]} 32. Nxc4 {[%clk 0:26:07]} bxc4 {[%clk 0:00:59]} 33. Rc1
{[%clk 0:26:04]} Ne7 {[%clk 0:00:32]} 34. Bc5 {[%clk 0:25:53]} Bf6
{[%clk 0:00:52]} 35. Re1 {[%clk 0:26:03]} c3 {[%clk 0:01:07]} 36. Nxe7
{[%clk 0:26:11]} 1-0

[Event "EUCC 2023 - U14"]
[Site "Kouty nad Desnou"]
[Date "2023.08.19"]
[Round "4.5"]
[White "Sekova, Olivia"]
[Black "Sahidi, Sear"]
[Result "0-1"]
[BlackElo "1731"]
[WhiteElo "1714"]
[LiveChessVersion "1.4.8"]

1. d4 {[%clk 1:29:00]} d5 {[%clk 1:30:52]} 2. c4 {[%clk 1:28:53]} e6
{[%clk 1:31:14]} 3. Nc3 {[%clk 1:28:49]} Nf6 {[%clk 1:31:30]} 4. cxd5
{[%clk 1:27:48]} exd5 {[%clk 1:31:41]} 5. Bg5 {[%clk 1:27:50]} Be7
{[%clk 1:30:20]} 6. e3 {[%clk 1:27:43]} O-O {[%clk 1:24:04]} 7. Bd3
{[%clk 1:27:01]} h6 {[%clk 1:23:38]} 8. Bh4 {[%clk 1:26:01]} Be6 {[%clk 1:16:58]}
9. Nge2 {[%clk 1:22:30]} Nbd7 {[%clk 1:07:48]} 10. O-O {[%clk 1:18:09]} c5
{[%clk 1:01:36]} 11. dxc5 {[%clk 1:13:35]} Nxc5 {[%clk 0:58:27]} 12. Bc2
{[%clk 1:09:11]} Rc8 {[%clk 0:53:49]} 13. Nd4 {[%clk 1:05:12]} Qd7
{[%clk 0:42:44]} 14. Bxf6 {[%clk 0:56:50]} Bxf6 {[%clk 0:41:42]} 15. b4
{[%clk 0:46:45]} Na6 {[%clk 0:31:20]} 16. Qd3 {[%clk 0:46:43]} g6
{[%clk 0:31:27]} 17. a3 {[%clk 0:37:32]} Bxd4 {[%clk 0:25:35]} 18. Qxd4
{[%clk 0:31:11]} Qc6 {[%clk 0:20:47]} 19. Ne4 {[%clk 0:25:20]} dxe4
{[%clk 0:18:13]} 20. Bxe4 {[%clk 0:25:44]} Qb5 {[%clk 0:13:00]} 21. Qf6
{[%clk 0:24:12]} Bf5 {[%clk 0:12:16]} 22. a4 {[%clk 0:24:29]} Qxb4
{[%clk 0:09:46]} 23. Bxf5 {[%clk 0:24:44]} gxf5 {[%clk 0:10:03]} 24. Rfb1
{[%clk 0:24:25]} Rc6 {[%clk 0:07:46]} 25. Qxf5 {[%clk 0:18:32]} Qe7
{[%clk 0:07:43]} 26. Rb5 {[%clk 0:17:06]} Qc7 {[%clk 0:06:53]} 27. Qg4+
{[%clk 0:17:17]} Rg6 {[%clk 0:07:14]} 28. Qe4 {[%clk 0:16:10]} Qc6
{[%clk 0:07:20]} 29. Qxc6 {[%clk 0:16:29]} bxc6 {[%clk 0:07:45]} 30. Rb7
{[%clk 0:16:46]} Ra8 {[%clk 0:08:06]} 31. Rc1 {[%clk 0:17:05]} c5
{[%clk 0:08:25]} 32. Rd1 {[%clk 0:17:29]} Rb6 {[%clk 0:08:40]} 33. Re7
{[%clk 0:17:49]} Kf8 {[%clk 0:09:05]} 34. Re5 {[%clk 0:17:26]} Rab8
{[%clk 0:09:21]} 35. f4 {[%clk 0:16:37]} Rb1 {[%clk 0:09:46]} 36. Rxb1
{[%clk 0:17:03]} Rxb1+ {[%clk 0:10:11]} 37. Kf2 {[%clk 0:17:29]} c4
{[%clk 0:10:23]} 38. Re4 {[%clk 0:17:43]} c3 {[%clk 0:09:53]} 39. Rc4
{[%clk 0:17:18]} Rb2+ {[%clk 0:09:05]} 0-1

[Event "EUCC 2023 - U14"]
[Site "Kouty nad Desnou"]
[Date "2023.08.19"]
[Round "4.6"]
[White "Kluska, Lukas"]
[Black "Pritulina, Nadezhda"]
[Result "0-1"]
[BlackElo "1372"]
[WhiteElo "1310"]
[LiveChessVersion "1.4.8"]

1. e4 {[%clk 1:30:43]} c5 {[%clk 1:30:51]} 2. Nf3 {[%clk 1:30:24]} Nc6
{[%clk 1:31:09]} 3. d4 {[%clk 1:28:52]} cxd4 {[%clk 1:31:29]} 4. Nxd4
{[%clk 1:29:04]} Nf6 {[%clk 1:30:17]} 5. Nc3 {[%clk 1:27:31]} g6 {[%clk 1:27:25]}
6. Nxc6 {[%clk 1:25:49]} bxc6 {[%clk 1:27:13]} 7. e5 {[%clk 1:25:16]} Ng8
{[%clk 1:21:22]} 8. Be3 {[%clk 1:20:05]} Bg7 {[%clk 1:20:38]} 9. f4
{[%clk 1:17:25]} d5 {[%clk 1:20:27]} 10. h3 {[%clk 1:12:14]} e6 {[%clk 1:19:56]}
11. Qd2 {[%clk 1:10:57]} f6 {[%clk 1:19:01]} 12. Bd4 {[%clk 1:09:11]} fxe5
{[%clk 1:17:20]} 13. fxe5 {[%clk 1:05:48]} Qh4+ {[%clk 1:17:20]} 14. Qf2
{[%clk 1:05:57]} Qxf2+ {[%clk 1:17:38]} 15. Kxf2 {[%clk 1:05:56]} Nh6
{[%clk 1:17:58]} 16. g4 {[%clk 1:05:10]} Rf8+ {[%clk 1:17:50]} 17. Kg2
{[%clk 1:03:19]} Rf4 {[%clk 1:15:47]} 18. Be3 {[%clk 0:57:07]} Rb4
{[%clk 1:15:49]} 19. Bxh6 {[%clk 0:56:45]} Bxh6 {[%clk 1:16:10]} 20. b3
{[%clk 0:56:46]} Bf4 {[%clk 1:16:21]} 21. Na4 {[%clk 0:55:09]} Bxe5
{[%clk 1:15:06]} 22. Re1 {[%clk 0:55:05]} Bd6 {[%clk 1:15:22]} 23. c4
{[%clk 0:53:26]} Bd7 {[%clk 1:11:13]} 24. cxd5 {[%clk 0:48:40]} cxd5
{[%clk 1:11:30]} 25. Nc3 {[%clk 0:48:32]} Kf7 {[%clk 1:04:04]} 26. Bd3
{[%clk 0:46:58]} Rf4 {[%clk 1:01:16]} 27. Ne2 {[%clk 0:44:39]} Rf6
{[%clk 1:00:36]} 28. g5 {[%clk 0:44:02]} Rf5 {[%clk 0:58:56]} 29. Bxf5
{[%clk 0:43:57]} gxf5 {[%clk 0:59:21]} 30. Nd4 {[%clk 0:41:43]} e5
{[%clk 0:59:35]} 31. Nc2 {[%clk 0:40:43]} d4 {[%clk 0:59:52]} 32. Rhf1
{[%clk 0:39:04]} Kg6 {[%clk 0:57:02]} 33. h4 {[%clk 0:33:40]} Kh5
{[%clk 0:57:03]} 34. Kg3 {[%clk 0:31:21]} Rc8 {[%clk 0:55:42]} 35. Rf2
{[%clk 0:28:32]} e4+ {[%clk 0:52:33]} 36. Kg2 {[%clk 0:19:16]} e3
{[%clk 0:52:26]} 37. Nxe3 {[%clk 0:19:08]} dxe3 {[%clk 0:52:45]} 38. Rxe3
{[%clk 0:17:15]} Bc5 {[%clk 0:52:06]} 39. Rfe2 {[%clk 0:16:51]} Bxe3
{[%clk 0:51:24]} 40. Rxe3 {[%clk 0:17:09]} Kxh4 {[%clk 0:51:12]} 41. Re7
{[%clk 0:15:53]} Rc7 {[%clk 0:51:31]} 42. Kf2 {[%clk 0:14:16]} Kxg5
{[%clk 0:51:26]} 43. Rxh7 {[%clk 0:13:05]} a6 {[%clk 0:51:37]} 44. a4
{[%clk 0:11:14]} Rc2+ {[%clk 0:50:26]} 45. Ke1 {[%clk 0:10:51]} Bxa4
{[%clk 0:50:19]} 46. bxa4 {[%clk 0:10:54]} Ra2 {[%clk 0:50:43]} 47. Ra7
{[%clk 0:09:24]} Rxa4 {[%clk 0:51:07]} 48. Kd2 {[%clk 0:09:16]} Kg4
{[%clk 0:49:45]} 49. Rg7+ {[%clk 0:08:07]} Kf3 {[%clk 0:50:00]} 50. Rh7
{[%clk 0:07:34]} f4 {[%clk 0:49:55]} 51. Rh3+ {[%clk 0:07:27]} Kg2
{[%clk 0:49:12]} 52. Rh4 {[%clk 0:07:30]} Ra2+ {[%clk 0:49:34]} 0-1

[Event "EUCC 2023 - U14"]
[Site "Kouty nad Desnou"]
[Date "2023.08.19"]
[Round "4.7"]
[White "Bartova, Hana"]
[Black "Barteckova, Valerie"]
[Result "1/2-1/2"]
[BlackElo "1562"]
[WhiteElo "1461"]
[LiveChessVersion "1.4.8"]

1. e4 {[%clk 1:30:48]} e5 {[%clk 1:30:44]} 2. Nf3 {[%clk 1:31:04]} Nc6
{[%clk 1:31:01]} 3. Bc4 {[%clk 1:31:28]} Be7 {[%clk 1:31:10]} 4. d4
{[%clk 1:27:44]} d6 {[%clk 1:31:04]} 5. Nc3 {[%clk 1:25:44]} Nf6 {[%clk 1:27:01]}
6. h3 {[%clk 1:22:32]} O-O {[%clk 1:26:09]} 7. O-O {[%clk 1:22:24]} Nxe4
{[%clk 1:14:46]} 8. Nxe4 {[%clk 1:08:27]} d5 {[%clk 1:14:56]} 9. Bxd5
{[%clk 1:08:21]} Qxd5 {[%clk 1:15:18]} 10. Nc3 {[%clk 1:08:41]} Qd6
{[%clk 1:06:19]} 11. dxe5 {[%clk 0:51:03]} Nxe5 {[%clk 1:05:06]} 12. Nxe5
{[%clk 0:51:15]} Qxe5 {[%clk 1:05:10]} 13. Re1 {[%clk 0:51:18]} Qd6
{[%clk 0:59:29]} 14. Nb5 {[%clk 0:49:07]} Qc5 {[%clk 0:57:52]} 15. a4
{[%clk 0:42:23]} a6 {[%clk 0:49:34]} 16. Be3 {[%clk 0:19:52]} Qc6
{[%clk 0:43:22]} 1/2-1/2

[Event "EUCC 2023 - U14"]
[Site "Kouty nad Desnou"]
[Date "2023.08.19"]
[Round "4.9"]
[White "Berkova, Agata"]
[Black "Boyadzhieva, Katerina"]
[Result "1-0"]
[BlackElo "1152"]
[WhiteElo "1101"]
[LiveChessVersion "1.4.8"]

1. e4 {[%clk 1:30:59]} d6 {[%clk 1:30:53]} 2. d4 {[%clk 1:31:26]} Nf6
{[%clk 1:31:19]} 3. f3 {[%clk 1:31:51]} g6 {[%clk 1:31:45]} 4. c4
{[%clk 1:32:10]} Bg7 {[%clk 1:32:10]} 5. Nc3 {[%clk 1:32:16]} O-O
{[%clk 1:32:31]} 6. Be3 {[%clk 1:32:36]} b6 {[%clk 1:30:56]} 7. Qd2
{[%clk 1:31:23]} c5 {[%clk 1:30:44]} 8. d5 {[%clk 1:29:57]} e6 {[%clk 1:24:25]}
9. O-O-O {[%clk 1:27:40]} exd5 {[%clk 1:23:27]} 10. Nxd5 {[%clk 1:27:30]} Be6
{[%clk 1:12:14]} 11. Ne2 {[%clk 1:27:04]} Nxd5 {[%clk 1:05:39]} 12. exd5
{[%clk 1:24:05]} Bd7 {[%clk 1:01:14]} 13. Bh6 {[%clk 1:20:25]} Bh8
{[%clk 0:47:00]} 14. Bxf8 {[%clk 1:18:39]} Kxf8 {[%clk 0:46:03]} 15. Nc3
{[%clk 1:17:48]} a6 {[%clk 0:33:32]} 16. Bd3 {[%clk 1:17:36]} b5 {[%clk 0:29:42]}
17. Rhe1 {[%clk 1:16:44]} b4 {[%clk 0:19:28]} 18. Ne4 {[%clk 1:16:19]} Ba4
{[%clk 0:15:20]} 19. b3 {[%clk 1:15:32]} Be8 {[%clk 0:09:44]} 20. Qh6+
{[%clk 1:14:43]} Kg8 {[%clk 0:08:39]} 21. Ng5 {[%clk 1:13:57]} Bg7
{[%clk 0:06:02]} 22. Qxh7+ {[%clk 1:12:27]} Kf8 {[%clk 0:06:13]} 23. Qh4
{[%clk 1:12:20]} Qd7 {[%clk 0:03:20]} 24. Nh7+ {[%clk 1:11:40]} Kg8
{[%clk 0:03:23]} 25. Nf6+ {[%clk 1:11:46]} Bxf6 {[%clk 0:03:46]} 26. Qxf6
{[%clk 1:12:09]} Ra7 {[%clk 0:03:04]} 27. Re4 {[%clk 1:12:05]} 1-0

[Event "EUCC 2023 - U14"]
[Site "Kouty nad Desnou"]
[Date "2023.08.20"]
[Round "5.1"]
[White "Auribault, Louis"]
[Black "Ser, Daniel"]
[Result "1-0"]
[BlackElo "1850"]
[WhiteElo "2084"]
[LiveChessVersion "1.4.8"]

1. e4 {[%clk 1:30:57]} e5 {[%clk 1:30:46]} 2. Nf3 {[%clk 1:31:17]} Nc6
{[%clk 1:31:11]} 3. Nc3 {[%clk 1:29:12]} f5 {[%clk 1:12:28]} 4. Bb5
{[%clk 1:18:35]} fxe4 {[%clk 1:10:54]} 5. Nxe4 {[%clk 1:12:52]} Nf6
{[%clk 1:09:14]} 6. Nxf6+ {[%clk 1:09:15]} Qxf6 {[%clk 1:08:33]} 7. O-O
{[%clk 1:08:37]} Be7 {[%clk 1:01:50]} 8. Bxc6 {[%clk 0:58:53]} bxc6
{[%clk 0:55:53]} 9. Re1 {[%clk 0:58:11]} e4 10. Rxe4 {[%clk 0:54:03]} d5
{[%clk 0:28:05]} 11. Re1 {[%clk 0:48:25]} O-O {[%clk 0:21:22]} 12. d4
{[%clk 0:40:32]} Bd6 {[%clk 0:21:40]} 13. Bg5 {[%clk 0:29:46]} Qg6
{[%clk 0:19:57]} 14. Bh4 {[%clk 0:14:57]} Bg4 {[%clk 0:04:43]} 15. Bg3
{[%clk 0:14:55]} h5 {[%clk 0:04:28]} 16. Kh1 {[%clk 0:08:52]} Rf7
{[%clk 0:03:31]} 17. Nh4 {[%clk 0:06:34]} Qf6 {[%clk 0:02:15]} 18. f3
{[%clk 0:05:32]} Bd7 {[%clk 0:02:06]} 19. Qd3 {[%clk 0:05:49]} g5
{[%clk 0:01:47]} 20. Qg6+ {[%clk 0:06:09]} Kf8 {[%clk 0:00:46]} 21. Be5
{[%clk 0:06:33]} Bxe5 22. dxe5 {[%clk 0:06:55]} Qxg6 {[%clk 0:00:43]} 23. Nxg6+
{[%clk 0:07:20]} Kg7 {[%clk 0:01:10]} 24. e6 {[%clk 0:07:47]} Bxe6
{[%clk 0:00:33]} 25. Rxe6 {[%clk 0:07:53]} Rf6 {[%clk 0:01:01]} 26. Rxf6
{[%clk 0:07:59]} Kxf6 {[%clk 0:01:18]} 27. Re1 {[%clk 0:08:21]} Kxg6
{[%clk 0:01:38]} 28. Re6+ {[%clk 0:08:46]} Kf5 {[%clk 0:01:50]} 29. Rxc6
{[%clk 0:09:09]} Re8 {[%clk 0:00:36]} 30. Kg1 {[%clk 0:09:30]} Re1+
{[%clk 0:00:39]} 31. Kf2 {[%clk 0:09:55]} Ra1 {[%clk 0:00:43]} 32. Rxc7
{[%clk 0:06:48]} Rxa2 33. b3 {[%clk 0:07:13]} a5 {[%clk 0:00:51]} 34. Rc5
{[%clk 0:07:02]} Ke6 {[%clk 0:00:33]} 35. Ke3 {[%clk 0:06:11]} a4
{[%clk 0:00:52]} 36. bxa4 {[%clk 0:05:34]} Ra3+ {[%clk 0:00:40]} 37. Kd4
{[%clk 0:04:00]} Rxa4+ {[%clk 0:01:05]} 38. c4 {[%clk 0:04:01]} Ra2
{[%clk 0:00:46]} 39. cxd5+ {[%clk 0:04:20]} Kd7 {[%clk 0:01:02]} 40. g4
{[%clk 0:03:07]} h4 {[%clk 0:00:49]} 41. d6 {[%clk 0:03:14]} Rxh2
{[%clk 0:00:33]} 42. Rxg5 {[%clk 0:03:40]} Kxd6 {[%clk 0:00:47]} 43. Rg6+
{[%clk 0:03:38]} Ke7 {[%clk 0:01:02]} 44. Rh6 {[%clk 0:03:57]} h3
{[%clk 0:01:05]} 45. Ke3 {[%clk 0:04:11]} Kf7 {[%clk 0:01:20]} 46. Kf4
{[%clk 0:04:31]} Rh1 {[%clk 0:01:37]} 47. Kg3 {[%clk 0:04:55]} Rg1+
{[%clk 0:02:00]} 48. Kh2 {[%clk 0:05:18]} 1-0

[Event "EUCC 2023 - U14"]
[Site "Kouty nad Desnou"]
[Date "2023.08.20"]
[Round "5.2"]
[White "Srba, Daniel"]
[Black "Novomeska, Karin"]
[Result "1/2-1/2"]
[BlackElo "1842"]
[WhiteElo "1571"]
[LiveChessVersion "1.4.8"]

1. e4 {[%clk 1:30:59]} b6 {[%clk 1:30:51]} 2. d4 {[%clk 1:31:20]} Bb7
{[%clk 1:31:12]} 3. Nc3 {[%clk 1:31:31]} e6 {[%clk 1:31:19]} 4. a3
{[%clk 1:31:44]} Nf6 {[%clk 1:30:15]} 5. f3 {[%clk 1:31:19]} d5 {[%clk 1:27:01]}
6. e5 {[%clk 1:30:29]} Nfd7 {[%clk 1:26:44]} 7. Bb5 {[%clk 1:29:48]} c5
{[%clk 1:23:36]} 8. Nge2 {[%clk 1:28:16]} a6 {[%clk 1:19:38]} 9. Bxd7+
{[%clk 1:27:31]} Nxd7 {[%clk 1:18:44]} 10. f4 {[%clk 1:27:28]} Qc7
{[%clk 1:15:07]} 11. Be3 {[%clk 1:24:59]} Be7 {[%clk 1:07:45]} 12. Qd2
{[%clk 1:24:45]} c4 {[%clk 1:06:11]} 13. Nd1 {[%clk 1:22:40]} f5 {[%clk 1:02:24]}
14. Nf2 {[%clk 1:19:49]} O-O-O {[%clk 0:57:38]} 15. b3 {[%clk 1:17:15]} h6
{[%clk 0:55:48]} 16. g3 {[%clk 1:16:27]} Rdg8 {[%clk 0:54:48]} 17. b4
{[%clk 1:16:22]} Bc6 {[%clk 0:47:23]} 18. a4 {[%clk 1:14:44]} 1/2-1/2